Importance of the integrated purchasing for food businesses

Význam integrovaného nákupu pre podnikateľov v agrárnom sektore a obchodných reťazcoch, teda v dvoch protipóloch rôznej ekonomickej a vyjednávacej sily. Trendy moderného nákupu, ekonomickej prednosti dlhodobo naviazaných obchodných vzťahov a význam objektívne dojednaných termínov splatnosti faktúr z...

ver descrição completa

Na minha lista:
Detalhes bibliográficos
Autor principal: Tvrdoň, Oldřich
Outros Autores: Presová, Radmila
Formato: Capítulo de Livro
Idioma:inglês
Assuntos:
Tags: Adicionar Tag
Sem tags, seja o primeiro a adicionar uma tag!

MARC

LEADER 00000naa$a2200000$$$4500
001 0038033
005 20231113141640.8
041 0 |a eng 
044 |a CZ 
245 1 0 |a Importance of the integrated purchasing for food businesses  |c Oldřich Tvrdoň, Radmila Presová 
520 |a Význam integrovaného nákupu pre podnikateľov v agrárnom sektore a obchodných reťazcoch, teda v dvoch protipóloch rôznej ekonomickej a vyjednávacej sily. Trendy moderného nákupu, ekonomickej prednosti dlhodobo naviazaných obchodných vzťahov a význam objektívne dojednaných termínov splatnosti faktúr za nakúpené výrobky. Vyzdvihnutie špecifika poľnohospodárskych odbytových družstiev ako moderného prvku predajnej a nákupnej činnosti poľnohospodárskej prvovýroby. 
610 2 0 |a sektory hospodárske 
610 2 0 |a poľnohospodárstvo 
610 2 0 |a nákup 
610 2 0 |a integrácia 
610 2 0 |a podnikatelia 
610 2 0 |a reťazce obchodné 
610 2 0 |a predaj 
610 2 0 |a dodávatelia 
610 2 0 |a vzťahy obchodné záväzkové 
610 2 0 |a družstvá 
610 2 0 |a odbyt 
100 1 |a Tvrdoň, Oldřich 
700 1 |a Presová, Radmila